000 00732nam a2200241 a 4500
001 BRL_1110
005 20190320211034.0
008 121113s1984----mx-ao#####---#000-0#spa-#
020 _a9682903262
041 _aspa
044 _amx
050 4 _aSB191.M2
_b.M35 1984
245 1 0 _aEl maíz, fundamento de la cultura popular mexicana
250 _a2a ed.
260 _aMéxico
_bMuseo Nacional de Culturas Populares : SEP, CULTURA : García Valadés Editores
_c1984
300 _a114 p.
_bil. (algunas a color)
_c22 cm.
500 _aej.1 Au1287, ej.2 Au1520
504 _aBibliografía : p. 114
650 1 4 _aMaíz
_xHistoria
_zMéxico
_92517
650 1 4 _aMaíz
_xFolklore
_zMéxico
_925819
902 _aGRL
942 _2lcc
_cB
999 _c9922
_d9922